| 000 | 01353nam0a22003131 4500 | ||
|---|---|---|---|
| 001 | rc\3464910 | ||
| 005 | 20260407094822.0 | ||
| 021 |
_aRU _b[71-55784] |
||
| 035 | _a(NLR Aleph) 007897347 | ||
| 090 |
_a8016049 _c8016049 |
||
| 100 | _a20130115d1971 |||y0rusy50 ca | ||
| 101 | 0 | _arus | |
| 102 | _aRU | ||
| 105 | _ay z ||||| | ||
| 200 | 1 |
_aОлимпиадные задачи по химии с решениями _eПособие для учителей химии и студентов _fМ-во просвещения РСФСР. Челяб. гос. пед. ин-т. Курган. гос. пед. ин-т |
|
| 210 |
_aКурган _cБ. и. _d1971 |
||
| 215 |
_a130 с. _d20 |
||
| 300 | _aНа обороте тит. л. сост.: Перцовский М.Л., Румановская Р.В., Мамонтов Ю.И. и др. | ||
| 606 |
_aХимия _jЗадачи _xРешение _2psbo |
||
| 606 |
_aХимические олимпиады, школьные _2psbo |
||
| 702 | 1 |
_aРумановская _bР.В. _4220 |
|
| 702 | 1 |
_aПерцовский _bМ.Л. _4220 |
|
| 702 | 1 |
_aМамонтов _bЮ.И. _4220 |
|
| 712 | 0 | 2 |
_aЧелябинский педагогический институт _3RU\NLR\AUTH\889921270 _9338656 |
| 801 | 0 |
_aRU _bNLR _gpsbo |
|
| 801 | 1 |
_aRU _bELAR _2rusmarc |
|
| 852 |
_aNLR _j71-3/4838 |
||
| 942 | _cBOOK | ||
| 980 | _aNB | ||